00470nam a2200193Ia 4500003000400000005001700004008004100021020001800062040000700080041000800087082001900095100001600114245004300130250000600173260004700179300001200226365001300238650002500251OSt20230413125432.0210423s1996 xx 000 0 und d a9788177582321 cAL aeng a544 223bSVEG aSVEHLA (G). aVogels qualitative inorganic analysis. a7 aNew DelhibPearson Education Pvt Ltdc1996 a359bPB b299cINR aQualitative Analysis